Law and Order: SVU - Statistics

General Stats
  • This quiz has been taken 907 times
  • The average score is 4 of 9
Answer Stats
Hint Answer % Correct
What crime is Det. Benson a product of? Rape
93%
How many children did Det. Stabler have at the time he left the series? 5
91%
How many Characters from HBO's series Oz, were also cast on SVU? 5
91%
What rapper joined the cast at the end of the second season? Ice-T
88%
What was the show's original name? Sex Crimes
17%
What season did Det. Stabler leave the show? Season 11
9%
When did the show originally air? September 20, 1999
4%
How did Oliva's mother die? she fell down the subway stairs
1%
Name 10 original cast members Benson, Stabler, Cragen, Munch, Cassidy, Jefferies, Tutuola, Cabot, ME Warner, Dr. Huang,
0%
No matching quizzes found
Score Distribution
Percent of People with Each Score
Percentile by Number Answered
Your Score History
You have not taken this quiz